| 000 | 00880nam a2200241 a 4500 | ||
|---|---|---|---|
| 001 | 41027 | ||
| 003 | BD-RjUL | ||
| 005 | 20211209053321.0 | ||
| 008 | 160514s1955 ii ||||| |||| 00| f ben d | ||
| 020 | _c: Tk. 2.50 | ||
| 035 | _a(BD-RjUL) 41143 | ||
| 040 |
_aBD-RjUL _bben _cBD-RjUL |
||
| 041 | _aben | ||
| 082 |
_223 _a891.443 _bGAS 1955 |
||
| 100 |
_aগঙ্গোপাধ্যায়, নারায়ণ _9118551 |
||
| 245 | 1 | 0 |
_aস্বর্ণ-সীতা / _cনারায়ণ গঙ্গোপাধ্যায় |
| 250 | _a৫ম সং. | ||
| 260 |
_aকলিকাতা : _bবেঙ্গল পাবরিশার্স, _c১৯৫৫ (১৩৬২) |
||
| 300 |
_a[৪], ১৫০ পৃ. ; _c২০ সেমি. |
||
| 650 |
_aবাংলা উপন্যাস _9126250 |
||
| 650 |
_aBengali Fiction _9126251 |
||
| 942 |
_2ddc _cBK |
||
| 999 |
_c41027 _d41027 |
||